K VÝSTAVE "VEĽKÁ MORAVA" V NITRE

Podrobná bibliografia
Hlavný autor: Točík, Anton, 1918-1994 (Autor)
Médium: Článok
Jazyk:slovenčina
Predmet:

MARC

LEADER 00000nab a2200000 a 4500
001 vtls011103133
003 SK-MaSNL
005 20260304021240.0
008 230222|1964 xo |||||||||||||||||slo|
015 |a SNBRB 
035 |a (uuid)bf85f807-c8fc-44e9-bafa-5d3ad077b545 
035 |a (urnnbn)urn:nbn:sk:snk:ar-a0832r 
035 |a urn:nbn:sk:snk-ab99q0 
040 |a SNKBUCL  |b slo  |c SNKBUCL  |e AACR2 
041 0 |a slo 
044 |a xo  |c SK 
100 1 |a Točík, Anton,  |d 1918-1994  |4 aut  |9 37554 
245 1 0 |a K VÝSTAVE "VEĽKÁ MORAVA" V NITRE  |c Anton Točík 
650 0 7 |a výstavy  |2 SNKPH  |9 2780 
651 7 |a Veľká Morava  |2 SNKPH  |9 66060 
773 0 |t Svet vedy : populárnovedecký mesačník SAV a Čs. spoločnosti pre šírenie politických a vedeckých poznatkov  |g Roč. 11, č. 4 (1964), s. 193-200 
954 |a odborná, vedecká literatúra pôvodná (slovenská)  |2 lita 
958 |a OND 
958 |a EUIPO 
958 |a article13 
999 |c 2604595  |d 2606525